00457 2200193 4500001002100000005001500021008004100036020001800077035001900095041000700114082001000121090001600131100001700147700001200164700001200176245002100188260003200209300002200241INLIS00000000003108520241224133121241224||||||||| | ||| |||| || |  a979-593-070-2 0010-1224031085 aid0 a623.8 a623.8 OXL k0 aChris Oxlade0 aL. Raya0 aDwike R00aKapal dan Perahu aJakartabTaman Gaharac1997 a32 halaman; 28 cm